| 000 | 05674nam a22005177a 4500 | ||
|---|---|---|---|
| 005 | 20090316110612.0 | ||
| 010 | _aHIN-90981 B-449253-272 | ||
| 020 |
_c255.00 _a81902258407 |
||
| 035 | _aHN-63327 | ||
| 035 | _aB-449253-272 | ||
| 037 | _bDBAD / PUB | ||
| 037 | _bबल्यूबैरी | ||
| 082 | _aक | ||
| 100 |
_aख़्वाजा अहमद अब्बास _938238 |
||
| 245 |
_a(दस) 10 प्रतिनिधि कहानियाँ / _cख़्वाजा अहमद अब्बास |
||
| 246 |
_a10 Pratinidhi Kahaniyan _bbyK.A. Abbas |
||
| 260 |
_aदिल्ली _bएम. के.पब्लिशर्स _c2010 |
||
| 270 |
_aसी-9/96 यमुना विहार _bदिल्ली _e110053 _mdpshindibooks@yahoo.com |
||
| 300 |
_a168पृ. _c22सेमी (सजिल्द) |
||
| 650 |
_aलघु कथाएँ, हिन्दी _91169 |
||
| 700 | _924212 | ||
| 700 | _924219 | ||
| 942 |
_2ddc _cHN _mख़्वाजाअ _hक |
||
| 999 |
_c48606 _d48606 |
||